000 00896nam a22003017a 4500
003 DO-SdBPM
005 20250910084557.0
007 ta
008 171127b1994 ve | 00| 0 spa d
020 _a9806329007
040 _aDO-SdBPM
_bspa
_cBPMSU
_erda
082 4 _a110
_bM538m 1994
_222
100 1 _aMéndez, Conny
_d1898-1979
_eautora
245 1 _aMetafísica 4 en 1 /
_cConny Méndez ; prólogo Luisa de Adrianza
260 _aVenezuela :
_bBienes Laconica,
_c1994.
300 _avolumen ;
_c15 cm.
336 _atexto
_btxt
_2rdacontent
337 _asin mediación
_bn
_2reamedia
338 _avolumen
_bnc
_2rdacarrier
490 0 _aMetafísica,
_v31
500 _a
590 _aInventariado, 2025/VM
650 7 _aEspiritualidad
650 7 _aValores (Filosofía)
700 1 _aAdrianza, Luisa de,
_eprólogo
910 _aVMateo V. Control de calidad. BPMSU
942 _2ddc
_cBK
999 _c13110
_d13110